| 000 | 00526nam a2200121Ia 4500 | ||
|---|---|---|---|
| 008 | 171212s9999 xx 000 0 und d | ||
| 020 | _a9780833051066 | ||
| 100 | _aAguila, Emma;Akhmedjonov, Alisher;Basurto-Davila, Ricardo;Kumar, Krishna B.;Kups, Sarah | ||
| 245 |
_cAguila, Emma;Akhmedjonov, Alisher;Basurto-Davila, Ricardo;Kumar, Krishna B.;Kups, Sarah _aUnited States and Mexico _bTies That Bind, Issues That Divide |
||
| 260 |
_bRAND Corporation _c2012 |
||
| 650 | _aHistory | ||
| 856 | _uwww.jstor.org/stable/10.7249/mg985rc | ||
| 999 |
_c352786 _d352786 |
||